000 00551nam a2200229Ia 4500
003 OSt
005 20220928135436.0
006 a|||||r|||| 00| 0
007 ta
008 220927b |||||||| |||| 00| 0 eng d
024 _a2221
037 _cTextual
040 _aSDCL
_cSDCL
_beng
041 _2eng
_aeng
082 _aO-:1:g, L4
100 _aHogg James Ed.
_9490700
245 0 _aPoetic drama and poetic theory
250 _a2
260 _c1974
942 _hO-:1:g, L4
_cTEXL
_2CC
999 _c806032
_d806032